000 00474nam a2200145 a 4500
001 000032804
005 20240305103442.0
008 110726s1944 dr r 000 p spa d
040 _aDO-SdBNP
_bspa
_cBNPHU
082 _axxxx
_bI37v
100 1 _aIncháustegui Cabral, Héctor,
_d1912-1979
_921024
245 1 0 _aDe vida temporal /
_cHéctor Incháustegui Cabral.
260 _aCiudad Trujillo, República Dominicana :
_bEditorial La Opinión,
_c1944.
300 _a92 p. ;
_c22 cm.
999 _c32295
_d32295